[Event "Pilsen Region-chT 2223"]
[Site "Czech Republic"]
[Date "2022.11.27"]
[Round "4.6"]
[White "Marik, Petr"]
[Black "Tuzil, Vitezslav"]
[Result "1-0"]
[WhiteElo "2086"]
[BlackElo "2014"]
[PlyCount "51"]
[EventDate "2022.10.09"]
[EventType "team-tourn"]
[EventRounds "11"]
[EventCountry "CZE"]
[SourceTitle "EXT 2024"]
[Source "ChessBase"]
[SourceDate "2023.10.10"]
[SourceVersion "1"]
[SourceVersionDate "2023.10.10"]
[SourceQuality "1"]
[WhiteTeam "Line IV"]
[BlackTeam "Line III"]
[WhiteTeamCountry "CZE"]
[BlackTeamCountry "CZE"]

1. e4 e6 2. d4 d5 3. Nd2 Nf6 4. e5 Nfd7 5. Bd3 c5 6. c3 Nc6 7. Ne2 Qb6 8. 0-0 cxd4 9. cxd4 Nxd4 10. Nxd4 Qxd4 11. Nf3 Qb6 12. Qa4 Qb4 13. Qc2 Nc5 14. Bd2 Qa4 15. b3 Qd7 16. Bxh7 b6 17. Ng5 Ba6 18. Bg6 Rh6 19. Bxf7+ Kd8 20. Bg6 Rxg6 21. Qxg6 Bd3 22. Qh5 Bxf1 23. Rxf1 Kc7 24. Qg6 Re8 25. f4 Qb5 26. b4 1-0

[Event "CZE-chT2A 1415"]
[Site "Czech Republic"]
[Date "2015.02.22"]
[Round "8.5"]
[White "Marik, Petr"]
[Black "Husak, Antonin"]
[Result "1/2-1/2"]
[WhiteElo "2142"]
[BlackElo "1994"]
[PlyCount "91"]
[EventDate "2014.11.02"]
[EventType "team-tourn"]
[EventRounds "11"]
[EventCountry "CZE"]
[SourceTitle "EXT 2022"]
[Source "ChessBase"]
[SourceDate "2021.10.06"]
[SourceVersion "1"]
[SourceVersionDate "2021.10.06"]
[SourceQuality "1"]
[WhiteTeam "Line"]
[BlackTeam "Tachov"]
[WhiteTeamCountry "CZE"]
[BlackTeamCountry "CZE"]

1. e4 c5 2. Nf3 Nc6 3. d4 cxd4 4. c3 dxc3 5. Nxc3 e6 6. Bc4 Nge7 7. 0-0 Ng6 8. Qe2 Be7 9. Be3 0-0 10. Nd2 Bf6 11. f4 Bxc3 12. bxc3 d5 13. Bd3 d4 14. cxd4 Nxd4 15. Qf2 Nf3+ 16. Qxf3 Qxd3 17. Rad1 Qa6 18. f5 exf5 19. exf5 Nh4 20. Qe4 Nxf5 21. Rxf5 Bxf5 22. Qxf5 Qxa2 23. Bd4 Rad8 24. Qg4 f6 25. Ne4 Rxd4 26. Rxd4 f5 27. Nf6+ Rxf6 28. Rd8+ Rf8 29. Rxf8+ Kxf8 30. Qxf5+ Qf7 31. Qc5+ Qe7 32. Qc8+ Kf7 33. Qf5+ Kg8 34. Qc8+ Qf8 35. Qxb7 Qc5+ 36. Kf1 h5 37. Qb3+ Kh7 38. Qd3+ g6 39. Qd7+ Kh6 40. Qa4 Qf5+ 41. Kg1 a5 42. Qa1 Qc5+ 43. Kh1 Qb4 44. Qh8+ Kg5 45. Qe5+ Kh6 46. Qh8+ 1/2-1/2

[Event "CZE-chT2A 1415"]
[Site "Czech Republic"]
[Date "2014.12.14"]
[Round "4.4"]
[White "Anaskin, Arsenij"]
[Black "Marik, Petr"]
[Result "1-0"]
[WhiteElo "1979"]
[BlackElo "2142"]
[PlyCount "63"]
[EventDate "2014.11.02"]
[EventType "team-tourn"]
[EventRounds "11"]
[EventCountry "CZE"]
[SourceTitle "EXT 2022"]
[Source "ChessBase"]
[SourceDate "2021.10.06"]
[SourceVersion "1"]
[SourceVersionDate "2021.10.06"]
[SourceQuality "1"]
[WhiteTeam "Praha Dopravni podnik"]
[BlackTeam "Line"]
[WhiteTeamCountry "CZE"]
[BlackTeamCountry "CZE"]

1. e4 c5 2. Nf3 a6 3. d4 cxd4 4. Nxd4 e5 5. Nf3 Nc6 6. Bc4 Nf6 7. 0-0 Be7 8. Nc3 0-0 9. a4 d6 10. Bg5 Bg4 11. h3 Bh5 12. g4 Bg6 13. Bxf6 Bxf6 14. Re1 h5 15. Kg2 Bg5 16. Nd5 Bf4 17. c3 hxg4 18. hxg4 Rc8 19. Qe2 Na5 20. Ba2 Re8 21. Rad1 Qd7 22. Nh2 Qc6 23. Nf3 Qxa4 24. b4 Qd7 25. Nh4 Bxe4+ 26. Qxe4 Qxg4+ 27. Kf1 Qxh4 28. bxa5 g6 29. Nxf4 Qxf4 30. Qxg6+ Kh8 31. Bxf7 Rf8 32. Re4 1-0

[Event "CZE-chT2A 1415"]
[Site "Czech Republic"]
[Date "2014.11.30"]
[Round "3.5"]
[White "Janska, Jitka"]
[Black "Marik, Petr"]
[Result "1/2-1/2"]
[WhiteElo "2077"]
[BlackElo "2142"]
[PlyCount "67"]
[EventDate "2014.11.02"]
[EventType "team-tourn"]
[EventRounds "11"]
[EventCountry "CZE"]
[SourceTitle "EXT 2022"]
[Source "ChessBase"]
[SourceDate "2021.10.06"]
[SourceVersion "1"]
[SourceVersionDate "2021.10.06"]
[SourceQuality "1"]
[WhiteTeam "Klatovy"]
[BlackTeam "Line"]
[WhiteTeamCountry "CZE"]
[BlackTeamCountry "CZE"]

1. e4 c5 2. Nc3 g6 3. d4 Bg7 4. Be3 cxd4 5. Bxd4 e5 6. Bc5 Ne7 7. Nb5 0-0 8. Bd6 Na6 9. Bc4 Nc6 10. c3 Re8 11. Ba3 d5 12. Bxd5 Bf8 13. Qf3 Be6 14. 0-0-0 Bxa3 15. Nxa3 Bxd5 16. Rxd5 Qg5+ 17. Kb1 Qe7 18. Ne2 Nc7 19. Rd2 Rad8 20. Rhd1 Rxd2 21. Rxd2 b5 22. Qe3 Rb8 23. Nc1 b4 24. cxb4 Qxb4 25. Nb3 Nd4 26. Nxd4 exd4 27. Qb3 Qxb3 28. axb3 Ne6 29. Kc2 f5 30. exf5 gxf5 31. Nc4 Kg7 32. Ne5 Rb7 33. Nf3 Rb4 34. Ne5 1/2-1/2

[Event "CZE-chT2A 1112"]
[Site "Czech Republic"]
[Date "2012.02.19"]
[Round "8"]
[White "Marik, Petr"]
[Black "Cerny, Vaclav"]
[Result "1-0"]
[WhiteElo "2153"]
[BlackElo "2031"]
[PlyCount "85"]
[EventDate "2011.10.09"]
[EventType "team-tourn"]
[EventRounds "11"]
[EventCountry "CZE"]
[SourceTitle "EXT 2013"]
[Source "ChessBase"]
[SourceDate "2012.11.22"]
[SourceVersion "1"]
[SourceVersionDate "2012.11.22"]
[SourceQuality "1"]
[WhiteTeam "Line"]
[BlackTeam "Domazlice"]
[WhiteTeamCountry "CZE"]
[BlackTeamCountry "CZE"]

1. e4 g6 2. d4 Bg7 3. Nf3 d6 4. Bc4 Nf6 5. Nc3 0-0 6. h3 Nxe4 7. Nxe4 d5 8. Bd3 dxe4 9. Bxe4 c5 10. Be3 Qc7 11. c3 cxd4 12. Nxd4 a6 13. 0-0 e5 14. Nf3 Be6 15. Qa4 f5 16. Bc2 h6 17. Qa3 Nd7 18. Rad1 Rfe8 19. Bb3 Kh7 20. Qd6 Qxd6 21. Rxd6 Nf8 22. Rfd1 Rac8 23. Bxe6 Rxe6 24. Rxe6 Nxe6 25. Rd7 e4 26. Nd4 Rc7 27. Rxc7 Nxc7 28. Nb3 Nd5 29. Nc5 f4 30. Bd4 Bxd4 31. cxd4 Nb4 32. Nxb7 e3 33. fxe3 fxe3 34. Kf1 Kg7 35. a3 Nd3 36. b4 Nf4 37. Nc5 a5 38. bxa5 Nd5 39. a6 Kf7 40. a7 Nb6 41. Nd7 Na8 42. Ne5+ Kf6 43. Ke2 1-0

[Event "CZE-chT2A 1112"]
[Site "Czech Republic"]
[Date "2011.12.04"]
[Round "4"]
[White "Ruzicka, Ales"]
[Black "Marik, Petr"]
[Result "1/2-1/2"]
[WhiteElo "2053"]
[BlackElo "2153"]
[PlyCount "110"]
[EventDate "2011.10.09"]
[EventType "team-tourn"]
[EventRounds "11"]
[EventCountry "CZE"]
[SourceTitle "EXT 2013"]
[Source "ChessBase"]
[SourceDate "2012.11.22"]
[SourceVersion "1"]
[SourceVersionDate "2012.11.22"]
[SourceQuality "1"]
[WhiteTeam "Tabor Sokol"]
[BlackTeam "Line"]
[WhiteTeamCountry "CZE"]
[BlackTeamCountry "CZE"]

1. e4 c5 2. Nf3 d6 3. d4 cxd4 4. Nxd4 Nf6 5. Nc3 e5 6. Bb5+ Nbd7 7. Nf5 a6 8. Bxd7+ Qxd7 9. Ne3 Qc6 10. Qd3 Be6 11. 0-0 Nd7 12. f3 Nc5 13. Qe2 g6 14. Ned5 Bg7 15. Bg5 h6 16. Be3 b5 17. Rfd1 f5 18. Qd2 f4 19. Bf2 Qb7 20. b4 Na4 21. Nxa4 bxa4 22. Nb6 Rd8 23. Nxa4 0-0 24. Nb6 d5 25. Nxd5 Bxd5 26. exd5 e4 27. fxe4 Bxa1 28. Rxa1 Qb5 29. Qd4 Rc8 30. a4 Qe2 31. Qd3 Rxc2 32. Qxe2 Rxe2 33. Rd1 Rxe4 34. Bc5 Rd8 35. d6 Rd7 36. Kf2 Kf7 37. Kf3 Rc4 38. a5 g5 39. Re1 Rc3+ 40. Kg4 Rc2 41. Kf3 Rd2 42. Re4 Rd5 43. h4 Rd3+ 44. Kf2 Rd5 45. hxg5 hxg5 46. Re2 g4 47. Re4 Rd2+ 48. Kf1 f3 49. gxf3 gxf3 50. Rf4+ Ke6 51. Rxf3 Rh7 52. Rf2 Rd1+ 53. Ke2 Rhh1 54. Kf3 Rhe1 55. Re2+ Rxe2 1/2-1/2

[Event "CZE-chT2A 1112"]
[Site "Czech Republic"]
[Date "2011.11.06"]
[Round "2"]
[White "Vohnout, Pavel"]
[Black "Marik, Petr"]
[Result "0-1"]
[WhiteElo "2057"]
[BlackElo "2153"]
[PlyCount "46"]
[EventDate "2011.10.09"]
[EventType "team-tourn"]
[EventRounds "11"]
[EventCountry "CZE"]
[SourceTitle "EXT 2013"]
[Source "ChessBase"]
[SourceDate "2012.11.22"]
[SourceVersion "1"]
[SourceVersionDate "2012.11.22"]
[SourceQuality "1"]
[WhiteTeam "Zizkov"]
[BlackTeam "Line"]
[WhiteTeamCountry "CZE"]
[BlackTeamCountry "CZE"]

1. e4 c5 2. c3 Nf6 3. e5 Nd5 4. d4 cxd4 5. cxd4 Nc6 6. Nc3 e6 7. Nf3 d6 8. Bd3 dxe5 9. dxe5 Nxc3 10. bxc3 Qa5 11. 0-0 Qxc3 12. Bg5 Bd7 13. Rc1 Qa5 14. Qe2 Be7 15. Bxe7 Nxe7 16. Ng5 h6 17. Ne4 0-0 18. f4 Nf5 19. Qg4 Qb6+ 20. Rf2 Kh8 21. Qh5 Qe3 22. Rd1 Rac8 23. Nf6 Ba4 0-1

[Event "CZE-chT2A 1011"]
[Site "Czech Republic"]
[Date "2011.01.23"]
[Round "6"]
[White "Marik, Petr"]
[Black "Grill, Roman"]
[Result "0-1"]
[WhiteElo "2156"]
[BlackElo "2125"]
[PlyCount "102"]
[EventDate "2010.10.17"]
[EventType "team-tourn"]
[EventRounds "11"]
[EventCountry "CZE"]
[SourceTitle "EXT 2012"]
[Source "ChessBase"]
[SourceDate "2011.11.24"]
[SourceVersion "1"]
[SourceVersionDate "2011.11.24"]
[SourceQuality "1"]
[WhiteTeam "Line"]
[BlackTeam "Pisek Platan"]
[WhiteTeamCountry "CZE"]
[BlackTeamCountry "CZE"]

1. e4 g6 2. f4 Bg7 3. Nf3 c6 4. h3 d5 5. e5 h5 6. d4 Bf5 7. Be3 e6 8. Nbd2 Nh6 9. Be2 Nd7 10. Bf2 Bf8 11. Ng5 f6 12. Ngf3 fxe5 13. dxe5 Nc5 14. Ng5 Nf7 15. Nxf7 Kxf7 16. Nf3 Ne4 17. Bh4 Qb6 18. Nd4 Bc5 19. c3 Qxb2 20. Qc1 Qxc3+ 21. Qxc3 Nxc3 22. Nxf5 exf5 23. Bf6 Nxe2 24. Kxe2 Rhe8 25. Rab1 Rab8 26. g4 Be7 27. Bxe7 Rxe7 28. Kf3 Rg8 29. Rb2 b6 30. Rg2 Kf8 31. Rhg1 Reg7 32. Ke3 c5 33. a4 hxg4 34. hxg4 g5 35. Rf2 gxf4+ 36. Rxf4 Rxg4 37. Rxf5+ Ke7 38. Rh1 Ke6 39. Rfh5 Rg3+ 40. Kf2 R3g5 41. Rh7 Rf8+ 42. Ke2 Rxe5+ 43. Kd1 Rf7 44. Rxf7 Kxf7 45. Rh7+ Kf6 46. Rxa7 Re4 47. Ra6 Ke5 48. Rxb6 Rxa4 49. Rb8 Ra2 50. Re8+ Kd4 51. Rh8 Kc4 0-1

[Event "CZE-chT2A 0910"]
[Site "Czech Republic"]
[Date "2010.02.28"]
[Round "8.4"]
[White "Hadzala, Daniel"]
[Black "Marik, Petr"]
[Result "1/2-1/2"]
[WhiteElo "2084"]
[BlackElo "2174"]
[PlyCount "101"]
[EventDate "2009.10.18"]
[EventType "team-tourn"]
[EventRounds "11"]
[EventCountry "CZE"]
[SourceTitle "EXT 2012"]
[Source "ChessBase"]
[SourceDate "2011.11.24"]
[SourceVersion "1"]
[SourceVersionDate "2011.11.24"]
[SourceQuality "1"]
[WhiteTeam "Zebrak"]
[BlackTeam "Line"]
[WhiteTeamCountry "CZE"]
[BlackTeamCountry "CZE"]

1. Nf3 Nf6 2. g3 g6 3. Bg2 Bg7 4. 0-0 0-0 5. c3 d6 6. d3 e5 7. Qc2 Nc6 8. b4 Nh5 9. b5 Ne7 10. d4 f5 11. dxe5 dxe5 12. Rd1 Qe8 13. a4 a6 14. Na3 Bd7 15. Rb1 f4 16. Ng5 h6 17. Qb3+ Kh8 18. Ne6 Bxe6 19. Qxe6 Rf6 20. Qd7 fxg3 21. hxg3 Qf7 22. Be3 Rf8 23. Bc5 Re6 24. Bh3 Rd6 25. Rxd6 cxd6 26. Qxd6 Nf5 27. Bxf5 Qxf5 28. bxa6 Qh3 29. Qxg6 Rf6 30. Qe4 Rxa6 31. Rxb7 Qc8 32. Qb4 Ra8 33. a5 Qd8 34. a6 Qd1+ 35. Kg2 Rxa6 36. Rb8+ Kh7 37. Qe4+ Rg6 38. Be7 Nf4+ 39. Kh2 Qf1 40. Qf3 Qxe2 41. Qxe2 Nxe2 42. c4 e4 43. Nc2 Rc6 44. c5 Rc7 45. Bd6 Rf7 46. Kg2 Nd4 47. Nxd4 Bxd4 48. Rf8 Kg7 49. c6 Ra7 50. c7 Rxc7 51. Bxc7 1/2-1/2

[Event "CZE-chT2A 0910"]
[Site "Czech Republic"]
[Date "2009.11.17"]
[Round "4.3"]
[White "Marik, Petr"]
[Black "Cesal, Jaroslav"]
[Result "0-1"]
[WhiteElo "2174"]
[BlackElo "2297"]
[PlyCount "92"]
[EventDate "2009.10.18"]
[EventType "team-tourn"]
[EventRounds "11"]
[EventCountry "CZE"]
[SourceTitle "EXT 2012"]
[Source "ChessBase"]
[SourceDate "2011.11.24"]
[SourceVersion "1"]
[SourceVersionDate "2011.11.24"]
[SourceQuality "1"]
[WhiteTeam "Line"]
[BlackTeam "Kozolupy"]
[WhiteTeamCountry "CZE"]
[BlackTeamCountry "CSR"]

1. e4 g6 2. d4 Bg7 3. f4 d5 4. e5 Nh6 5. Bd3 0-0 6. Nf3 c5 7. c3 cxd4 8. cxd4 Nc6 9. h3 Nf5 10. g4 Nfxd4 11. Nxd4 Nxd4 12. Bxg6 Nf3+ 13. Qxf3 fxg6 14. Nc3 Be6 15. Qd3 Rc8 16. 0-0 d4 17. Ne2 Bc4 18. Qe4 Qb6 19. Rf2 Rfd8 20. b3 Bb5 21. Bd2 Qc6 22. Qb1 Qd5 23. a4 Bc6 24. Ng3 Rf8 25. b4 b6 26. b5 Bb7 27. Qa2 Rc4 28. Re1 Rfc8 29. Kh2 Rc2 30. Qa3 Qa2 31. Qxe7 Rxd2 32. Rxd2 Qxd2+ 33. Re2 Qxf4 34. Qxb7 Rd8 35. Qc7 Re8 36. Qc4+ Kh8 37. e6 Be5 38. Rg2 Qf6 39. Kg1 Qxe6 40. Qd3 Rc8 41. Ne2 Qd5 42. Rf2 Kg7 43. h4 Rc4 44. Qa3 Bd6 45. Qb3 d3 46. Qb2+ Be5 0-1

[Event "CZE-chT2A 0910"]
[Site "Czech Republic"]
[Date "2009.11.08"]
[Round "2.3"]
[White "Marik, Petr"]
[Black "Nguyen, Dinh Phong"]
[Result "1/2-1/2"]
[WhiteElo "2174"]
[BlackElo "2163"]
[PlyCount "72"]
[EventDate "2009.10.18"]
[EventType "team-tourn"]
[EventRounds "11"]
[EventCountry "CZE"]
[SourceTitle "EXT 2012"]
[Source "ChessBase"]
[SourceDate "2011.11.24"]
[SourceVersion "1"]
[SourceVersionDate "2011.11.24"]
[SourceQuality "1"]
[WhiteTeam "Line"]
[BlackTeam "Domazlice"]
[WhiteTeamCountry "CZE"]
[BlackTeamCountry "CZE"]

1. e4 c5 2. d4 cxd4 3. c3 Nf6 4. e5 Nd5 5. Nf3 e6 6. cxd4 b6 7. Nc3 Nxc3 8. bxc3 Ba6 9. Bxa6 Nxa6 10. 0-0 Be7 11. Qd3 Nc7 12. a4 0-0 13. Ba3 h6 14. Nd2 d5 15. a5 Bxa3 16. Rxa3 Qd7 17. Rb1 b5 18. a6 Rab8 19. Nb3 Qc6 20. Nc5 Rb6 21. Rba1 Rfb8 22. g3 b4 23. Rb3 bxc3 24. Rxc3 Qb5 25. Qc2 Rc6 26. Nb7 Rxc3 27. Qxc3 Nxa6 28. Nd6 Qe2 29. Qc6 Nb4 30. Qc7 Rf8 31. Qxa7 Nc2 32. Rb1 Ne1 33. Rb8 Rxb8 34. Qxb8+ Kh7 35. Qb1+ Nd3 36. Qf1 Qxf1+ 1/2-1/2

[Event "CZE-chT2J 0203"]
[Site "Czech Republic"]
[Date "2003.??.??"]
[Round "4"]
[White "Vitak, Pavel"]
[Black "Marik, Petr"]
[Result "0-1"]
[WhiteElo "2129"]
[BlackElo "2140"]
[PlyCount "70"]
[EventDate "2002.10.??"]
[EventType "team"]
[EventRounds "11"]
[EventCountry "CZE"]
[SourceTitle "EXT 2007"]
[Source "ChessBase"]
[SourceDate "2006.11.23"]
[SourceVersion "1"]
[SourceVersionDate "2006.11.23"]
[SourceQuality "1"]

1. d4 Nf6 2. Nf3 c5 3. d5 g6 4. Nc3 Bg7 5. g3 d6 6. Bg2 0-0 7. a4 e6 8. 0-0 Na6 9. dxe6 fxe6 10. e4 d5 11. e5 Ne8 12. Bg5 Qb6 13. Qd2 Bd7 14. Nd1 Bc6 15. Qe2 d4 16. h4 Nb4 17. Ne1 Bxg2 18. Nxg2 Nc6 19. Bf4 Nc7 20. h5 gxh5 21. Qxh5 Rf5 22. Qe2 Nd5 23. Ra3 Nxe5 24. Bxe5 Rxe5 25. Qg4 Rf8 26. Rf3 Nf6 27. Qh3 Qc6 28. Rf4 Qxa4 29. Nh4 Qxc2 30. Nf3 Rf5 31. Nh4 Rxf4 32. Qxe6+ Kh8 33. gxf4 Qe4 34. Qh3 Nh5 35. f5 Nf4 0-1

[Event "CZE-chTJ 0102"]
[Site "Czech Republic"]
[Date "2002.??.??"]
[Round "3"]
[White "Gdovin, Jan"]
[Black "Marik, Petr"]
[Result "1-0"]
[WhiteElo "2211"]
[BlackElo "2085"]
[PlyCount "79"]
[EventDate "2001.??.??"]
[EventType "team"]
[EventRounds "11"]
[EventCountry "CZE"]
[SourceTitle "EXT 2003"]
[Source "ChessBase"]
[SourceDate "2002.11.25"]
[SourceVersion "1"]
[SourceVersionDate "2002.11.25"]
[SourceQuality "1"]
[WhiteTeam "Pisek"]
[BlackTeam "Line"]
[WhiteTeamCountry "CZE"]
[BlackTeamCountry "CZE"]

1. e4 c5 2. Nf3 d6 3. d4 cxd4 4. Nxd4 Nf6 5. Nc3 a6 6. Bc4 e6 7. Bb3 Be7 8. g4 h6 9. Rg1 Qc7 10. Be3 Nc6 11. Qe2 b5 12. 0-0-0 Na5 13. Kb1 Nc4 14. Ndxb5 axb5 15. Nxb5 Qa5 16. Bxc4 d5 17. exd5 exd5 18. Bd2 Qb6 19. Bb3 Be6 20. Be3 Qa5 21. Nd4 0-0 22. g5 hxg5 23. Bxg5 Ra6 24. Bh6 Bg4 25. f3 Bc5 26. fxg4 gxh6 27. g5 Ne4 28. gxh6+ Kh8 29. Bxd5 Nc3+ 30. bxc3 Rb8+ 31. Nb3 Qxa2+ 32. Kc1 Qa3+ 33. Kd2 Rd8 34. Rg5 Be7 35. Re5 Re6 36. c4 Bg5+ 37. Ke1 Bh4+ 38. Kf1 Qd6 39. Rxe6 fxe6 40. Bf3 1-0

[Event "CZE-chTJ 0102"]
[Site "Czech Republic"]
[Date "2002.??.??"]
[Round "3"]
[White "Marik, Petr"]
[Black "Richtrova, Eliska"]
[Result "1/2-1/2"]
[WhiteElo "2085"]
[BlackElo "2252"]
[PlyCount "149"]
[EventDate "2001.??.??"]
[EventType "team"]
[EventRounds "11"]
[EventCountry "CZE"]
[SourceTitle "EXT 2003"]
[Source "ChessBase"]
[SourceDate "2002.11.25"]
[SourceVersion "1"]
[SourceVersionDate "2002.11.25"]
[SourceQuality "1"]
[WhiteTeam "Line"]
[BlackTeam "Ceske Budejovice"]
[WhiteTeamCountry "CZE"]
[BlackTeamCountry "CZE"]

1. e4 d6 2. d4 Nf6 3. Nc3 g6 4. f4 Bg7 5. Nf3 0-0 6. Bc4 Nxe4 7. Nxe4 d5 8. Bd3 dxe4 9. Bxe4 Nd7 10. c3 c5 11. 0-0 Nf6 12. Bc2 Qc7 13. Qe1 b6 14. dxc5 bxc5 15. Qh4 e6 16. c4 Bb7 17. Bd2 Be4 18. Bc3 Bxc2 19. Bxf6 Bxf6 20. Qxf6 Bd3 21. Rfc1 Rad8 22. Rc3 Bf5 23. Qh4 f6 24. Re1 Qc6 25. Rce3 Rd3 26. R3e2 Kg7 27. Nd2 a5 28. g4 Qd6 29. gxf5 Rxd2 30. fxe6 Rxe2 31. Rxe2 Qd4+ 32. Qf2 Qxc4 33. b3 Qd5 34. Qe3 Re8 35. Rd2 Qxe6 36. Qxe6 Rxe6 37. Rd7+ Kh6 38. Ra7 c4 39. f5 Re1+ 40. Kf2 Ra1 41. fxg6 Rxa2+ 42. Kg3 hxg6 43. bxc4 Ra3+ 44. Kg2 f5 45. c5 Kg5 46. c6 Kg4 47. c7 Ra2+ 48. Kf1 Rc2 49. Rxa5 Rxc7 50. Kg1 Rc1+ 51. Kg2 Rc2+ 52. Kg1 f4 53. Ra1 g5 54. Ra3 Re2 55. Ra5 Kh4 56. Ra8 f3 57. Rh8+ Kg4 58. Kf1 Ra2 59. Rh7 Ra8 60. Kf2 Re8 61. Kf1 Kf4 62. Rf7+ Ke3 63. Rh7 g4 64. Ra7 Re5 65. Ra3+ Kf4 66. Ra4+ Re4 67. Ra5 Rd4 68. Ra8 Rd1+ 69. Kf2 Rd2+ 70. Kg1 Rg2+ 71. Kh1 Rd2 72. Kg1 Ke3 73. Re8+ Kd3 74. Rd8+ Ke2 75. Rxd2+ 1/2-1/2

[Event "CZE-chTJ 0102"]
[Site "Czech Republic"]
[Date "2002.??.??"]
[Round "4"]
[White "Marik, Petr"]
[Black "Vojta, Tomas"]
[Result "0-1"]
[WhiteElo "2085"]
[BlackElo "2226"]
[PlyCount "80"]
[EventDate "2001.??.??"]
[EventType "team"]
[EventRounds "11"]
[EventCountry "CZE"]
[SourceTitle "EXT 2003"]
[Source "ChessBase"]
[SourceDate "2002.11.25"]
[SourceVersion "1"]
[SourceVersionDate "2002.11.25"]
[SourceQuality "1"]
[WhiteTeam "Line"]
[BlackTeam "Vlasim"]
[WhiteTeamCountry "CZE"]
[BlackTeamCountry "CZE"]

1. e4 d5 2. exd5 Qxd5 3. Nc3 Qa5 4. d4 Nf6 5. Bd3 Nc6 6. Be3 e5 7. dxe5 Nxe5 8. Qe2 Nxd3+ 9. cxd3 Be6 10. Nf3 Bb4 11. 0-0 0-0 12. Ne4 Nxe4 13. dxe4 Bg4 14. Bf4 Rfe8 15. a3 Bf8 16. Rac1 c6 17. Qe3 Rad8 18. b4 Qb6 19. Qxb6 axb6 20. Nd2 Rd3 21. f3 Be6 22. Nb1 g6 23. Bc7 b5 24. Rfd1 Rxd1+ 25. Rxd1 Ra8 26. Be5 b6 27. Kf2 c5 28. bxc5 bxc5 29. Ke3 b4 30. axb4 cxb4 31. Rd2 Rc8 32. Bd6 Bh6+ 33. f4 b3 34. Na3 Bg7 35. e5 Bf8 36. Bxf8 Kxf8 37. Rb2 Ra8 38. Nb1 Ra2 39. Rd2 Bf5 40. Rd1 Bc2 0-1

[Event "CZE-chTJ 0102"]
[Site "Czech Republic"]
[Date "2002.??.??"]
[Round "5"]
[White "Pinc, Miroslav"]
[Black "Marik, Petr"]
[Result "1-0"]
[WhiteElo "2156"]
[BlackElo "2085"]
[PlyCount "55"]
[EventDate "2001.??.??"]
[EventType "team"]
[EventRounds "11"]
[EventCountry "CZE"]
[SourceTitle "EXT 2003"]
[Source "ChessBase"]
[SourceDate "2002.11.25"]
[SourceVersion "1"]
[SourceVersionDate "2002.11.25"]
[SourceQuality "1"]
[WhiteTeam "Pribram"]
[BlackTeam "Line"]
[WhiteTeamCountry "CZE"]
[BlackTeamCountry "CZE"]

1. d4 Nf6 2. c4 c5 3. d5 b5 4. cxb5 a6 5. bxa6 Bxa6 6. Nc3 g6 7. e4 Bxf1 8. Kxf1 d6 9. Nf3 Bg7 10. h3 0-0 11. g3 Nbd7 12. Kg2 Ra6 13. Re1 Qa8 14. Qc2 Rb8 15. b3 Ne8 16. Bb2 Nc7 17. Re2 Nb6 18. Qd3 Ra7 19. Rd1 Rab7 20. Ba1 Na6 21. e5 Nb4 22. Qe4 dxe5 23. Nxe5 Nc8 24. Nc6 Nxc6 25. dxc6 Rc7 26. Rd8+ Bf8 27. Nd5 Rxc6 28. Qxe7 1-0

[Event "Plzen op-C U18"]
[Site "Plzen"]
[Date "1998.??.??"]
[Round "2"]
[White "Marik, Petr"]
[Black "Jenc, Milan"]
[Result "1-0"]
[WhiteElo "2060"]
[BlackElo "1845"]
[PlyCount "81"]
[EventDate "1998.08.??"]
[EventType "swiss"]
[EventRounds "9"]
[EventCountry "CZE"]
[SourceTitle "EXT 2000"]
[Source "ChessBase"]
[SourceDate "1999.11.16"]
[SourceVersion "1"]
[SourceVersionDate "1999.11.16"]
[SourceQuality "1"]

1. e4 c5 2. Nf3 d6 3. d4 cxd4 4. Nxd4 Nf6 5. Nc3 g6 6. Be3 Bg7 7. f3 0-0 8. Qd2 Nc6 9. 0-0-0 Nxd4 10. Bxd4 Be6 11. Kb1 Qc7 12. h4 h5 13. g4 Rfc8 14. gxh5 Nxh5 15. Bxg7 Kxg7 16. f4 Qc5 17. f5 Ng3 18. Rh3 Nxf1 19. Rxf1 gxf5 20. Qg5+ Kf8 21. exf5 Bd5 22. Rg3 Ke8 23. Re1 f6 24. Qxf6 Rc7 25. Qh8+ Kd7 26. Qxa8 Rc8 27. Qxc8+ Kxc8 28. Nxd5 Qxd5 29. Rg5 Qc4 30. h5 Qh4 31. Reg1 Kd7 32. a3 d5 33. Rg7 Kd6 34. R1g6+ Ke5 35. h6 Kxf5 36. h7 e5 37. Rg1 Qh2 38. Rf1+ Ke6 39. Rf8 Qh1+ 40. Ka2 Qh4 41. Rc7 1-0

[Event "Plzen op-C U18"]
[Site "Plzen"]
[Date "1998.??.??"]
[Round "4"]
[White "Marik, Petr"]
[Black "Smid, Jaroslav"]
[Result "1/2-1/2"]
[WhiteElo "2060"]
[BlackElo "1910"]
[PlyCount "48"]
[EventDate "1998.08.??"]
[EventType "swiss"]
[EventRounds "9"]
[EventCountry "CZE"]
[SourceTitle "EXT 2000"]
[Source "ChessBase"]
[SourceDate "1999.11.16"]
[SourceVersion "1"]
[SourceVersionDate "1999.11.16"]
[SourceQuality "1"]

1. e4 e5 2. Nf3 Nc6 3. Bc4 Nf6 4. d4 exd4 5. 0-0 Nxe4 6. Re1 d5 7. Nc3 dxc4 8. Rxe4+ Be6 9. Nxd4 Nxd4 10. Rxd4 Bd6 11. Bf4 Qe7 12. Bxd6 cxd6 13. Nd5 Bxd5 14. Rxd5 0-0 15. Qd4 Rfe8 16. h3 Qe4 17. Qd2 Re6 18. Rd1 h6 19. Rd4 Qe5 20. Qb4 b5 21. Rd5 Qe4 22. Qxb5 Rg6 23. g3 Rxg3+ 24. fxg3 Qe3+ 1/2-1/2

[Event "Plzen op-C U18"]
[Site "Plzen"]
[Date "1998.??.??"]
[Round "6"]
[White "Marik, Petr"]
[Black "Steppuhn, Thomas"]
[Result "1-0"]
[WhiteElo "2060"]
[BlackElo "2160"]
[PlyCount "51"]
[EventDate "1998.08.??"]
[EventType "swiss"]
[EventRounds "9"]
[EventCountry "CZE"]
[SourceTitle "EXT 2000"]
[Source "ChessBase"]
[SourceDate "1999.11.16"]
[SourceVersion "1"]
[SourceVersionDate "1999.11.16"]
[SourceQuality "1"]

1. e4 e6 2. d4 b6 3. Bd3 Bb7 4. Nf3 c5 5. c3 cxd4 6. cxd4 Nc6 7. 0-0 Nb4 8. Nc3 Nxd3 9. Qxd3 d6 10. Ng5 a6 11. f4 Be7 12. d5 h6 13. dxe6 hxg5 14. exf7+ Kxf7 15. fxg5+ Nf6 16. Nd5 Ke6 17. gxf6 gxf6 18. Be3 Bxd5 19. Qxd5+ Kd7 20. Rac1 Rb8 21. Bd4 Rf8 22. Rc6 Ke8 23. Rfc1 Qd7 24. Rc7 Qg4 25. h3 Qg8 26. Rxe7+ 1-0